| 000 | 00947cam a2200205 4500 | ||
|---|---|---|---|
| 001 | ABS66210 | ||
| 008 | 021213n2002 000 0 eng u | ||
| 035 | _a(Sirsi) u120772 | ||
| 100 | _aHeller, A | ||
| 245 | _aSound solutions | ||
| 260 | _c2002 | ||
| 490 |
_aHouseBuilder _v December 2002, 17-21(4) |
||
| 520 | _aLooks at timetable regarding the introduction of Part E of the building regulations which tightened up sound insulation requirements. Robust standard details are regarded as solution, so that various forms of separating wall and floor construction are designed to exceed new requirements. "Chomping at the bit" continues the theme with an overview of the work underway by product manufacturers. | ||
| 590 | _aABS | ||
| 650 | _aSOUND INSULATION | ||
| 650 | _aBUILDING REGULATIONS 2000 APPROVED DOCUMENT E (2003 EDITION) | ||
| 650 | _aROBUST STANDARD DETAILS | ||
| 690 | _aBUILT ENVIRONMENT-BUILDING STANDARDS | ||
| 942 | _n0 | ||
| 999 |
_c71764 _d71764 |
||